my anime list - Statistics

General Stats
  • This quiz has been taken 20 times
  • The average score is 3 of 16
Answer Stats
Hint Answer % Correct
2 death note 5
67%
6 attack on titan 2
60%
34 bleach 7
53%
78 sword art online 4
33%
2 blue lock 9
20%
22 vinland saga 8
20%
4 haikyuu 6
13%
34 no game no life 7
13%
36 steins gate 6
13%
4 assasination classroom 1
7%
5 seven deadly sins 3
7%
33 vanitas no karte 8
7%
9 your name 5
7%
1 akatsuki no yona 4
0%
8 mushoku no tensei 3
0%
3 violet evergarden 2
0%
No matching quizzes found
Score Distribution
Percent of People with Each Score
Percentile by Number Answered
Your Score History
You have not taken this quiz